[Event "Madrid-ch Previa A"]
[Site "Madrid ESP"]
[Date "2016.02.24"]
[Round "9.18"]
[White "Martinez Carrasco, Jesus"]
[Black "Lizon Martinez, Santiago"]
[Result "1/2-1/2"]
[WhiteElo "1624"]
[BlackElo "1681"]
[PlyCount "118"]
[EventDate "2016.02.08"]
[EventType "swiss"]
[EventRounds "9"]
[EventCountry "ESP"]
[SourceDate "2016.02.08"]

1. d4 Nf6 2. c4 e6 3. Nc3 Bb4 4. Qc2 b6 5. e3 Bb7 6. a3 Bxc3+ 7. Qxc3 Ne4 8.
Qc2 d6 9. Nf3 Nd7 10. Bd3 f5 11. O-O O-O 12. Nd2 Ndf6 13. b3 Qe8 14. f3 Nxd2
15. Bxd2 Qg6 16. Rae1 Rf7 17. d5 Bc8 18. e4 fxe4 19. fxe4 e5 20. Rf3 Bg4 21.
Rf2 Raf8 22. Ref1 Nh5 23. Rxf7 Rxf7 24. Rxf7 Qxf7 25. Be3 Nf4 26. Bf1 h5 27. h3
Bd7 28. Qf2 c5 29. Kh2 Ng6 30. Qxf7+ Kxf7 31. Be2 h4 32. Bg5 Ke8 33. Bh5 Kf7
34. Bxh4 b5 35. Kg3 bxc4 36. bxc4 Be8 37. Bd8 Kf8 38. Bg4 Nf4 39. Kf3 Kf7 40.
g3 Nd3 41. Ke3 Nb2 42. Be2 Bd7 43. g4 Ke8 44. Ba5 Na4 45. h4 Nb6 46. Kd3 Kf7
47. Bd2 g6 48. h5 Kg7 49. Bg5 Nc8 50. h6+ Kh7 51. Bd2 Ne7 52. g5 Nc8 53. Ba5
Nb6 54. Ke3 Kh8 55. Kf3 Kh7 56. Kg3 Kh8 57. Kf3 Kh7 58. Bd2 Ba4 59. Ke3 Bd7
1/2-1/2

[Event "Madrid-ch Previa A"]
[Site "Madrid ESP"]
[Date "2016.02.24"]
[Round "9.21"]
[White "Boni De Aristizabal, Marco"]
[Black "Ramos Antona, Enrique"]
[Result "1/2-1/2"]
[WhiteElo "1735"]
[BlackElo "1561"]
[PlyCount "83"]
[EventDate "2016.02.08"]
[EventType "swiss"]
[EventRounds "9"]
[EventCountry "ESP"]
[SourceDate "2016.02.08"]

1. e4 e5 2. Nf3 Nc6 3. Bb5 Nf6 4. O-O Nxe4 5. Re1 Nd6 6. Bxc6 dxc6 7. Nxe5 Be7
8. d4 O-O 9. Nd2 Bf5 10. c3 f6 11. Nec4 Re8 12. Ne3 Bg6 13. Ndc4 b6 14. Nxd6
cxd6 15. Bd2 d5 16. Qg4 Qc8 17. Qxc8 Raxc8 18. Rac1 Bf8 19. c4 dxc4 20. Rxc4 b5
21. Rcc1 Red8 22. d5 c5 23. Ba5 Rd7 24. Red1 c4 25. a3 Bc5 26. Bb4 Bxb4 27.
axb4 Rcd8 28. b3 Bd3 29. bxc4 bxc4 30. Nxc4 Rxd5 31. Na5 Bb5 32. Rxd5 Rxd5 33.
f3 Rd4 34. Nc6 Bxc6 35. Rxc6 Rxb4 36. Rc8+ Kf7 37. Rc7+ Kg6 38. Rxa7 Rb2 39.
Ra5 h5 40. h4 Kh6 41. Ra6 Kg6 42. Ra5 1/2-1/2

[Event "Madrid-ch Previa A"]
[Site "Madrid ESP"]
[Date "2016.02.24"]
[Round "9.22"]
[White "Algaba Traspuesto, Jose Antonio"]
[Black "Serrano Gonzalez, Oscar"]
[Result "1-0"]
[WhiteElo "1635"]
[BlackElo "1718"]
[PlyCount "93"]
[EventDate "2016.02.08"]
[EventType "swiss"]
[EventRounds "9"]
[EventCountry "ESP"]
[SourceDate "2016.02.08"]

1. d4 Nf6 2. Nf3 e6 3. Bf4 b6 4. Nbd2 Bb7 5. e3 d5 6. Bd3 Nbd7 7. Ne5 c5 8. c3
g6 9. Qf3 Nxe5 10. Bxe5 Bg7 11. Bb5+ Ke7 12. g4 a6 13. Bd3 h5 14. g5 Ne8 15.
Bxg7 Nxg7 16. Qf6+ Kf8 17. Qf4 Kg8 18. Nf3 Qe7 19. Ne5 Nf5 20. h4 cxd4 21. exd4
Kh7 22. Bxf5 exf5 23. O-O Rhe8 24. Rae1 Qc7 25. Nxg6 Qxf4 26. Nxf4 Re4 27. Nxh5
Rg4+ 28. Ng3 f4 29. Re7 Rb8 30. Rxf7+ Kg8 31. Rf6 Rf8 32. Rxb6 Bc8 33. Rg6+ Kh7
34. Rh6+ Kg7 35. Re1 fxg3 36. fxg3 Rxg3+ 37. Kh2 Rgf3 38. Re7+ R8f7 39. Rxf7+
Rxf7 40. Kg3 Re7 41. Kf2 Re6 42. Rxe6 Bxe6 43. Ke3 Kg6 44. Kf4 Bh3 45. Ke5 Bg2
46. c4 dxc4 47. d5 1-0

[Event "Madrid-ch Previa A"]
[Site "Madrid ESP"]
[Date "2016.02.24"]
[Round "9.25"]
[White "Marcelo De La Mata, Daniel"]
[Black "Gonzalez Recas, Fernando"]
[Result "1/2-1/2"]
[WhiteElo "1623"]
[BlackElo "1766"]
[PlyCount "83"]
[EventDate "2016.02.08"]
[EventType "swiss"]
[EventRounds "9"]
[EventCountry "ESP"]
[SourceDate "2016.02.08"]

1. e4 d6 2. Nf3 Nf6 3. d3 g6 4. g3 Bg7 5. Nc3 c6 6. Bg2 Nbd7 7. O-O O-O 8. Bd2
b5 9. Qc1 Nc5 10. e5 Ng4 11. exd6 Qxd6 12. h3 Ne5 13. Nxe5 Bxe5 14. Kh2 Rb8 15.
f4 Bg7 16. Ne4 Nxe4 17. dxe4 Bxb2 18. Qxb2 Qxd2 19. Rad1 Qa5 20. f5 Qc7 21. f6
exf6 22. Qxf6 Be6 23. a3 Rbe8 24. h4 Qe7 25. Qc3 Bc4 26. Rf2 Rd8 27. Rfd2 Rxd2
28. Rxd2 Rd8 29. Rxd8+ Qxd8 30. e5 Qb6 31. Kh3 c5 32. Qe3 Be6+ 33. g4 h5 34.
Bf3 hxg4+ 35. Bxg4 f5 36. exf6 Bxg4+ 37. Kxg4 Qxf6 38. Qxc5 a6 39. Qc8+ Kg7 40.
Qd7+ Kg8 41. Qd3 Kf7 42. Qd7+ 1/2-1/2

[Event "Madrid-ch Previa A"]
[Site "Madrid ESP"]
[Date "2016.02.24"]
[Round "9.28"]
[White "Garcia Lafuente, Luis"]
[Black "Veuthey Martinez, Eloy"]
[Result "1/2-1/2"]
[WhiteElo "1494"]
[BlackElo "1537"]
[PlyCount "75"]
[EventDate "2016.02.08"]
[EventType "swiss"]
[EventRounds "9"]
[EventCountry "ESP"]
[SourceDate "2016.02.08"]

1. d4 d6 2. Nf3 Nf6 3. Bf4 Nbd7 4. c4 c6 5. Nc3 Qa5 6. Qc2 e5 7. Bd2 Qc7 8. e4
Be7 9. Be2 O-O 10. h3 a6 11. Be3 Re8 12. O-O Bf8 13. Rfd1 b5 14. Nd2 Bb7 15.
Rac1 exd4 16. Bxd4 b4 17. Bxf6 Nxf6 18. Na4 c5 19. Bf3 Nd7 20. g3 Ne5 21. Bg2
Nc6 22. Re1 g6 23. Nf1 Nd4 24. Qd3 Bg7 25. Ne3 Re5 26. Nd5 Bxd5 27. exd5 Rae8
28. Rxe5 Rxe5 29. Rd1 Re2 30. Bf1 Re7 31. Rb1 Qb8 32. b3 Qe8 33. Nb2 Ne2+ 34.
Kg2 Nc3 35. Rc1 Ne2 36. Rc2 Nd4 37. Rc1 Re1 38. Nd1 1/2-1/2

[Event "Madrid-ch Previa A"]
[Site "Madrid ESP"]
[Date "2016.02.24"]
[Round "9.29"]
[White "Ojosnegros Martin, Angel"]
[Black "Jaumandreu Llopis, Antonio"]
[Result "1/2-1/2"]
[WhiteElo "1524"]
[BlackElo "1504"]
[PlyCount "52"]
[EventDate "2016.02.08"]
[EventType "swiss"]
[EventRounds "9"]
[EventCountry "ESP"]
[SourceDate "2016.02.08"]

1. e4 c5 2. Nf3 Nc6 3. d4 cxd4 4. Nxd4 Nf6 5. Nc3 e5 6. Nb3 Bb4 7. Bd3 h6 8. a3
Bxc3+ 9. bxc3 d5 10. exd5 Qxd5 11. O-O O-O 12. c4 Qd6 13. Qf3 Qe6 14. Re1 Qg4
15. Qxg4 Bxg4 16. Bb2 Rfe8 17. f3 Bh5 18. Re2 Re7 19. Rae1 Rae8 20. g4 Bg6 21.
Bxg6 fxg6 22. h4 e4 23. Bxf6 gxf6 24. Rxe4 Rxe4 25. Rxe4 Rxe4 26. fxe4 Ne5
1/2-1/2

[Event "Madrid-ch Previa A"]
[Site "Madrid ESP"]
[Date "2016.02.24"]
[Round "9.30"]
[White "Beekhof Harmsen, Willen"]
[Black "Suarez Mencia, Roberto"]
[Result "0-1"]
[WhiteElo "1626"]
[BlackElo "1448"]
[PlyCount "70"]
[EventDate "2016.02.08"]
[EventType "swiss"]
[EventRounds "9"]
[EventCountry "ESP"]
[SourceDate "2016.02.08"]

1. Nf3 c5 2. g3 Nc6 3. Bg2 d5 4. d3 Nf6 5. O-O Bg4 6. Nbd2 Bxf3 7. Bxf3 e5 8.
e4 d4 9. b3 Be7 10. Bb2 O-O 11. c3 h6 12. Bg2 a6 13. cxd4 cxd4 14. a3 b5 15. b4
Nh7 16. Rc1 Rc8 17. Nb3 Bg5 18. f4 exf4 19. gxf4 Bh4 20. e5 Ne7 21. Nc5 Nf5 22.
Rf3 Ne3 23. Rxe3 dxe3 24. d4 Bf2+ 25. Kh1 Qh4 26. Qf3 g5 27. h3 h5 28. Ne4
Rxc1+ 29. Bxc1 g4 30. Qe2 gxh3 31. Bf3 Kh8 32. Bxe3 Bxe3 33. Qxe3 Rg8 34. d5 h2
35. Bg2 Rxg2 0-1

[Event "Madrid-ch Previa A"]
[Site "Madrid ESP"]
[Date "2016.02.24"]
[Round "9.31"]
[White "Enriquez Pastor, Jorge"]
[Black "Navarro Corredor, Angel"]
[Result "1-0"]
[WhiteElo "1425"]
[BlackElo "1456"]
[PlyCount "159"]
[EventDate "2016.02.08"]
[EventType "swiss"]
[EventRounds "9"]
[EventCountry "ESP"]
[SourceDate "2016.02.08"]

1. e4 c6 2. d4 d5 3. Nc3 dxe4 4. Nxe4 Bf5 5. Ng3 Bg6 6. Nf3 Nd7 7. Bc4 e6 8.
O-O Be7 9. Re1 Ngf6 10. c3 O-O 11. Qb3 b5 12. Bf1 Nd5 13. Qd1 a6 14. Ne5 Nxe5
15. dxe5 Bc5 16. Qf3 Be7 17. Be3 Qc7 18. Bf4 Bc5 19. Ne4 Nxf4 20. Nxc5 Nd5 21.
a3 Qe7 22. Ne4 Bxe4 23. Qxe4 Qa7 24. c4 bxc4 25. Bxc4 Rab8 26. Bd3 g6 27. b4
Qb6 28. Rec1 Kg7 29. g3 Rfd8 30. Qe2 Ra8 31. h4 Ne7 32. Rc5 Rd5 33. Rac1 Rxc5
34. Rxc5 a5 35. Qf3 Nd5 36. Be4 axb4 37. axb4 Nxb4 38. Rc1 Nd5 39. Kg2 Qc7 40.
Bxd5 exd5 41. Qf6+ Kg8 42. Rxc6 Qb7 43. Rd6 d4+ 44. Kh3 Qh1+ 45. Kg4 h5+ 46.
Kg5 Qc1+ 47. f4 Qc8 48. Rxd4 Qf8 49. f5 Kh7 50. fxg6+ Kg8 51. gxf7+ Qxf7 52.
Qxf7+ Kxf7 53. Kxh5 Ke6 54. Re4 Ra7 55. Kg6 Ra6 56. Kg5 Ra3 57. g4 Ra1 58. Kg6
Ra8 59. Kg7 Ra7+ 60. Kh6 Ra6 61. Kh5 Ra8 62. Re1 Rh8+ 63. Kg5 Rg8+ 64. Kf4 Rf8+
65. Kg3 Rb8 66. h5 Rb3+ 67. Kh4 Rb7 68. h6 Kf7 69. Kh5 Rb6 70. Rf1+ Kg8 71. g5
Kh7 72. Rf6 Rb8 73. Re6 Rg8 74. g6+ Kh8 75. g7+ Kh7 76. Kg5 Ra8 77. Re7 Re8 78.
Kf6 Ra8 79. Rd7 Rg8 80. e6 1-0